| 000 | 00995cam a2200337 i 4500 | ||
|---|---|---|---|
| 001 | 0000867 | ||
| 003 | DO-SdBPM | ||
| 005 | 20250411105158.0 | ||
| 007 | 0000867 | ||
| 008 | 100514s1995 sp a | |||| 000 f spa | ||
| 015 | _a | ||
| 017 |
_a _b |
||
| 020 | _a8426155596 | ||
| 035 | _a | ||
| 040 |
_aDO-SdBPM _bspa _cBPMSU _e |
||
| 080 | _a | ||
| 082 | 4 |
_a853.91 _bR685c 1995 _222 |
|
| 100 | 1 |
_aRodari, Gianni _d920-1980. |
|
| 245 | 1 | 0 |
_aCuentos por teléfono / _cGianni Rodari ; traducción Ramón Prats de Alos-Moner _h |
| 250 | _a24a. ed. | ||
| 260 |
_aBarcelona : _bEditorial Juventud, _c1995. |
||
| 300 |
_a140 p. : _bil. ; _c23 cm. |
||
| 490 | 1 | _aLa hora del cuento | |
| 534 |
_pTítulo original : _tFavore al telefono / |
||
| 590 | _aInventariado, 2025/ VM | ||
| 650 | 4 | _aCuentos juveniles italianos | |
| 650 | 4 | _aLiteratura infantil juvenil | |
| 700 | 1 |
_aPrats de Alos-Moner, Ramón _etraductor |
|
| 910 | _aVMateo V. Control de calidad. BPMSU | ||
| 942 |
_2ddc _cBK |
||
| 999 |
_c12264 _d12264 |
||